000 00566cam a22001814a 4500
005 20250605164357.0
008 250528s ||||||||||||||||||||||||d
035 _a24369
040 _aGR-AtMCL
_bgre
_dGR-AtMCL
_eAACR2
245 1 _aAramco World
260 _bAramco Americas,
_c2021
300 _a40
520 _aStreaming Ramadan TV to the World, Mesopotamia's Art of the Seal, The North African Eye of Yves Saint Laurent, The 1001 Tales of Hanna Diyab, Cloves.
700 1 _aAlafaled Nabeel I.
_99454
942 _cCR
999 _c9257
_d9257